00588cas a22001817a 450000500170000000800410001701000100005801100100006802200140007803500100009224501150010226000820021730000070029931000140030636200150032065000480033586600230038320220329142318.0000609u1980 es r pernn 0 b1spa d a81493 a82465 a0211-1314 a9296100aComunicaciones I.N.I.A. Serie :bHigiene y Sanidad Animalc/por Instituto Nacional de Investigaciones Agrarias0 aMadrid, España :bMinisterio de Agricultura, Pesca y Alimentación,c1980- av. aIrregular an.7, 1984.14aSanidad animalxPublicaciones periódicas. an.3-11 (1980-1985)